<?xml version='1.0' encoding='UTF-8'?>
  <record xmlns="http://www.loc.gov/MARC21/slim">
    <leader>00000ctm a2200000 i 4500</leader>
    <controlfield tag="001">on1179922492</controlfield>
    <controlfield tag="003">OCoLC</controlfield>
    <controlfield tag="005">20251108170523.1</controlfield>
    <controlfield tag="008">200312s1463    ne            000 0 lat d</controlfield>
    <datafield tag="040" ind1=" " ind2=" ">
      <subfield code="a">QGJ</subfield>
      <subfield code="b">eng</subfield>
      <subfield code="e">rda</subfield>
      <subfield code="e">amremm</subfield>
      <subfield code="c">QGJ</subfield>
      <subfield code="d">QGJ</subfield>
      <subfield code="d">OCL</subfield>
      <subfield code="d">OCLCQ</subfield>
      <subfield code="d">OCLCO</subfield>
      <subfield code="d">OCLCL</subfield>
      <subfield code="d">OCLCO</subfield>
      <subfield code="d">OCLCQ</subfield>
      <subfield code="d">OCLCO</subfield>
    </datafield>
    <datafield tag="035" ind1=" " ind2=" ">
      <subfield code="a">(OCoLC)1179922492</subfield>
    </datafield>
    <datafield tag="130" ind1="0" ind2=" ">
      <subfield code="a">Bible.</subfield>
      <subfield code="l">Latin.</subfield>
      <subfield code="s">Vulgate.</subfield>
      <subfield code="f">1463.</subfield>
    </datafield>
    <datafield tag="242" ind1="1" ind2="0">
      <subfield code="a">Bijbel Vulgaat.</subfield>
      <subfield code="n">Deel 2,</subfield>
      <subfield code="p">Psalmen-Openbaring</subfield>
      <subfield code="y">dut</subfield>
    </datafield>
    <datafield tag="242" ind1="1" ind2="0">
      <subfield code="a">Latin Vulgate.</subfield>
      <subfield code="n">Volume 2,</subfield>
      <subfield code="p">Psalms-Apocalypse</subfield>
      <subfield code="y">eng</subfield>
    </datafield>
    <datafield tag="245" ind1="1" ind2="0">
      <subfield code="a">Biblia Vulgata.</subfield>
      <subfield code="n">Volume 2,</subfield>
      <subfield code="p">Psalms-Apocalypse,</subfield>
      <subfield code="f">UBU Hs 35 A 3</subfield>
    </datafield>
    <datafield tag="246" ind1="3" ind2=" ">
      <subfield code="a">Mariabijbel</subfield>
    </datafield>
    <datafield tag="246" ind1="3" ind2=" ">
      <subfield code="a">Mariakerkbijbel</subfield>
    </datafield>
    <datafield tag="264" ind1=" " ind2="0">
      <subfield code="a">Utrecht :</subfield>
      <subfield code="b">Mariakerk,</subfield>
      <subfield code="c">1463.</subfield>
    </datafield>
    <datafield tag="300" ind1=" " ind2=" ">
      <subfield code="a">24 blank unnumbered leaves, 326 leaves, 2 unnumbered blank leaves :</subfield>
      <subfield code="b">penwork initials ;</subfield>
      <subfield code="c">208-210 x 153-155 mm (283 x approximately 190 mm)</subfield>
    </datafield>
    <datafield tag="336" ind1=" " ind2=" ">
      <subfield code="a">text</subfield>
      <subfield code="b">txt</subfield>
      <subfield code="2">rdacontent</subfield>
    </datafield>
    <datafield tag="337" ind1=" " ind2=" ">
      <subfield code="a">unmediated</subfield>
      <subfield code="b">n</subfield>
      <subfield code="2">rdamedia</subfield>
    </datafield>
    <datafield tag="338" ind1=" " ind2=" ">
      <subfield code="a">volume</subfield>
      <subfield code="b">nc</subfield>
      <subfield code="2">rdacarrier</subfield>
    </datafield>
    <datafield tag="340" ind1=" " ind2=" ">
      <subfield code="a">paper</subfield>
      <subfield code="2">rdamat</subfield>
    </datafield>
    <datafield tag="340" ind1=" " ind2=" ">
      <subfield code="k">2 columns 39-47 lines littera hybrida.</subfield>
    </datafield>
    <datafield tag="500" ind1=" " ind2=" ">
      <subfield code="a">Known as Mariabijbel or Mariakerkbijbel.</subfield>
    </datafield>
    <datafield tag="500" ind1=" " ind2=" ">
      <subfield code="a">Volume 2 of a two-volume Bible, now missing at least a quire with Psalms 1-147 and single leaves after f. 19v with Ecclesiastes 10:4-12 and Song of Songs 1:1-10; after f. 29v with Wisdom 18:16-19 and the beginning of the prologue to Ecclesiasticus; after f. 52v with the conclusion of Ecclesiasticus (part of the Prayer of Salomon) and the prologue and Isaiah 1:1-10; and after f. 209v with 1 Maccabees 16:11-24, 2 Maccabees 1:1-27.</subfield>
    </datafield>
    <datafield tag="500" ind1=" " ind2=" ">
      <subfield code="a">Written by at least two scribes in a cursive gothic bookhand without loops (an informal hybrida script) in two colums of 39 lines (scribe one), and beginning on f. 222 in two columns of 47-42 lines (scribe two).</subfield>
    </datafield>
    <datafield tag="500" ind1=" " ind2=" ">
      <subfield code="a">First and last two leaves are modern.</subfield>
    </datafield>
    <datafield tag="500" ind1=" " ind2=" ">
      <subfield code="a">Copied at the Collegiate Church of St. Mary in Utrecht, the Mariakerk, in 1463 by a scribe who identifies himself as "Iohannis de Tremonia" in the colophon to the Old Testament on f. 221v: "Ffinitus et completus est liber iste per manus Johan(n)is de Tremo(n)ia scholarium rectoris Ecc(les)ie beate marie traiectensis sub a(nn)o domini 1463 Sabb(at)o ante dominicam letare."</subfield>
    </datafield>
    <datafield tag="524" ind1="8" ind2=" ">
      <subfield code="a">Cite as: Universiteitsbibliotheek Utrecht Hs 35 A 3</subfield>
    </datafield>
    <datafield tag="541" ind1=" " ind2=" ">
      <subfield code="c">Purchase;</subfield>
      <subfield code="d">20200306</subfield>
    </datafield>
    <datafield tag="561" ind1=" " ind2=" ">
      <subfield code="a">Belonged to Reverend John Cohen Jackson (c. 1827-1895), schoolmaster and antiquarian book collector; his ownership inscription on f. iii, "Sum Liber Iohan. C. Iackson". To Matthew Holbeche Bloxam (1805-1888), of Rugby, England. He bequeathed his collection of books and manuscripts to the Rugby School library; his ownership inscription dated 1857 on f. iii; front flyleaf f. xxiv, "Manuscript Copy of the Vulgate ..., Rugby School Library, The Gift of Matthew Holbeche Bloxam on this 78th Birthday, 12th May 1883". To Arnold Library, Rugby School; bookplate inside front cover, where it was Bloxam MS 1007; their library stamp, front fly leaf f. iii, with a brief typed description in English glued in</subfield>
    </datafield>
    <datafield tag="563" ind1=" " ind2=" ">
      <subfield code="a">Eighteenth-century brown leather binding over pasteboard, rebacked and restored, fore-edges speckled red, spine tooled in gilt with leather label, "Biblia Vulgate/ MSS"18th-century boards, worn at the edges, but in very sound condition. Dimensions 285 x 200 mm</subfield>
    </datafield>
    <datafield tag="581" ind1=" " ind2=" ">
      <subfield code="a">Bénédictins du Bouveret. Colophons de manuscrits occidentaux des origines au xvi siècle, Spicilegii friburgensis subsidia 2-7, Fribourg, 1965-1982.</subfield>
    </datafield>
    <datafield tag="581" ind1=" " ind2=" ">
      <subfield code="a">Bruyne, Donatien de. Summaries, divisions and rubrics of the Latin Bible, Studia traditionis theologiae 18, Turnhout, 2014 [Originally published as: Sommaires, divisions et rubriques de la Bible latine, Namur, 1914].</subfield>
    </datafield>
    <datafield tag="581" ind1=" " ind2=" ">
      <subfield code="a">Churchill, W. Watermarks in Paper in Holland, England, France, etc. in the XVII and XVIII Centuries and Their Interconnection, Amsterdam, 1935.</subfield>
    </datafield>
    <datafield tag="581" ind1=" " ind2=" ">
      <subfield code="a">De Hamel, Christopher. Bibles: An Illustrated History from Papyrus to Print. Oxford, 2011.</subfield>
    </datafield>
    <datafield tag="581" ind1=" " ind2=" ">
      <subfield code="a">De Hamel, Christopher. The Book: A History of the Bible, London and New York, 2001.</subfield>
    </datafield>
    <datafield tag="581" ind1=" " ind2=" ">
      <subfield code="a">Gerritsen-Geywitz, G. Het Utrechtse draakje en zijn entourage : Vijftien penwerkstijlen in Utrechtse handschriften en gedrukte boeken uit de tweede helft van de vijftiende eeuw, Middeleeuwse studies en bronnen 168, Hilversum, 2017.</subfield>
    </datafield>
    <datafield tag="581" ind1=" " ind2=" ">
      <subfield code="a">Greitmann, N. De windesheimische vulgaatrevisie in de vijftiende eeuw, Hilversum, 1937.</subfield>
    </datafield>
    <datafield tag="581" ind1=" " ind2=" ">
      <subfield code="a">Groot, Arie de. "Pieter Saenredam's Views of Utrecht Churches and the Question of their Reliability," in Pieter Saenredam, the Utrecht work: Paintings and Drawings by the 17th-century Master of Perspective, ed. Liesbeth Helmus, Los Angeles, 2002, pp. 17-50</subfield>
    </datafield>
    <datafield tag="581" ind1=" " ind2=" ">
      <subfield code="a">Haverkate, H. and C. Peet. Een kerk van papier : De geschiedenis van de voormalige Mariakerk te Utrecht, Clavis kleine kunsthistorische monografieën 2, Zutphen, 1985.</subfield>
    </datafield>
    <datafield tag="581" ind1=" " ind2=" ">
      <subfield code="a">Heawood, E. Watermarks, Mainly of the 17th and 18th Centuries, Monumenta chartæ papyraceæ historiam illustrantia 1), Hilversum, Holland, 1950.</subfield>
    </datafield>
    <datafield tag="581" ind1=" " ind2=" ">
      <subfield code="a">Horst, K. Illuminated and decorated medieval manuscripts in the University Library, Utrecht: An illustrated catalogue, Cambridge and New York, 1989.</subfield>
    </datafield>
    <datafield tag="581" ind1=" " ind2=" ">
      <subfield code="a">Ker, N.R. and A.J. Piper. Medieval Manuscripts in British Libraries, vol. 4, Paisley-York, Oxford, 1992, pp. 221-222 (MS Bloxam 1007).</subfield>
    </datafield>
    <datafield tag="581" ind1=" " ind2=" ">
      <subfield code="a">Marrow, James, Henri Defoer, Anne Korteweg, Wilhelmina Wüstefeld. The Golden Age of Dutch Manuscript Painting, English edition, Stuttgart, 1989.</subfield>
    </datafield>
    <datafield tag="581" ind1=" " ind2=" ">
      <subfield code="a">Nishimura, Margot McIlwain. Important Illuminated manuscripts, Bruce Ferrini and Les Enluminures, Akron, Ohio and Paris, 2000.</subfield>
    </datafield>
    <datafield tag="581" ind1=" " ind2=" ">
      <subfield code="a">Nuovo, Angela. The Book Trade in the Italian Renaissance, trans. Lydia Cochrane, Leiden and Boston, 2013.</subfield>
    </datafield>
    <datafield tag="581" ind1=" " ind2=" ">
      <subfield code="a">Parkes, Malcolm. The Medieval Manuscripts of Keble College, Oxford: A Descriptive Catalogue with Summary Descriptions of the Greek and Oriental Manuscripts, London, 1979.</subfield>
    </datafield>
    <datafield tag="581" ind1=" " ind2=" ">
      <subfield code="a">Quentin, Henri. Mémoire sur l'établissement du texte de la Vulgate, Collectanea biblica latina 6, Rome, 1922.</subfield>
    </datafield>
    <datafield tag="630" ind1="0" ind2="0">
      <subfield code="a">Bible</subfield>
      <subfield code="v">Translations into Latin</subfield>
      <subfield code="v">Early works to 1800.</subfield>
    </datafield>
    <datafield tag="630" ind1="0" ind2="0">
      <subfield code="a">Bible</subfield>
      <subfield code="x">Manuscripts, Latin.</subfield>
    </datafield>
    <datafield tag="650" ind1=" " ind2="0">
      <subfield code="a">Manuscripts, Latin (Medieval and modern)</subfield>
    </datafield>
    <datafield tag="650" ind1=" " ind2="6">
      <subfield code="a">Manuscrits latins médiévaux et modernes.</subfield>
    </datafield>
    <datafield tag="630" ind1="0" ind2="7">
      <subfield code="a">Bible</subfield>
      <subfield code="2">fast</subfield>
    </datafield>
    <datafield tag="650" ind1=" " ind2="7">
      <subfield code="a">Manuscripts, Latin</subfield>
      <subfield code="2">fast</subfield>
    </datafield>
    <datafield tag="650" ind1=" " ind2="7">
      <subfield code="a">Manuscripts, Latin (Medieval and modern)</subfield>
      <subfield code="2">fast</subfield>
    </datafield>
    <datafield tag="655" ind1=" " ind2="7">
      <subfield code="a">Translations</subfield>
      <subfield code="2">fast</subfield>
    </datafield>
    <datafield tag="655" ind1=" " ind2="7">
      <subfield code="a">Early works</subfield>
      <subfield code="2">fast</subfield>
    </datafield>
    <datafield tag="700" ind1="0" ind2=" ">
      <subfield code="a">Johannis de Tremonia,</subfield>
      <subfield code="e">scribe.</subfield>
      <subfield code="4">scr</subfield>
    </datafield>
    <datafield tag="700" ind1="1" ind2=" ">
      <subfield code="a">Jackson, John Cohen,</subfield>
      <subfield code="d">approximately 1827-1895,</subfield>
      <subfield code="e">former owner</subfield>
      <subfield code="4">fmo</subfield>
    </datafield>
    <datafield tag="700" ind1="1" ind2=" ">
      <subfield code="a">Bloxam, Matthew Holbeche,</subfield>
      <subfield code="d">1805-1888,</subfield>
      <subfield code="e">former owner.</subfield>
      <subfield code="4">fmo</subfield>
      <subfield code="1">https://id.oclc.org/worldcat/entity/E39PBJtX8WfMyYvq3Mc4XQp3wC</subfield>
    </datafield>
    <datafield tag="710" ind1="2" ind2=" ">
      <subfield code="a">Mariakerk (Utrecht, Netherlands),</subfield>
      <subfield code="e">former owner.</subfield>
      <subfield code="4">fmo</subfield>
      <subfield code="1">https://id.oclc.org/worldcat/entity/E39QH7JmrJf7BDCVR3kv6CpX9t</subfield>
    </datafield>
    <datafield tag="710" ind1="2" ind2=" ">
      <subfield code="a">Rugby School.</subfield>
      <subfield code="b">Arnold Library,</subfield>
      <subfield code="e">former owner.</subfield>
      <subfield code="4">fmo</subfield>
    </datafield>
    <datafield tag="710" ind1="2" ind2=" ">
      <subfield code="a">Universiteit Utrecht.</subfield>
      <subfield code="b">Bibliotheek.</subfield>
      <subfield code="k">Manuscript</subfield>
      <subfield code="n">(Hs 35 A 3rd)</subfield>
    </datafield>
    <datafield tag="758" ind1=" " ind2=" ">
      <subfield code="i">has work:</subfield>
      <subfield code="a">Biblia Vulgata Psalms-Apocalypse Volume 2 UBU Hs 35  A 3 (Text)</subfield>
      <subfield code="1">https://id.oclc.org/worldcat/entity/E39PCFyJK96RmcJrYrmwKXvPwC</subfield>
      <subfield code="4">https://id.oclc.org/worldcat/ontology/hasWork</subfield>
    </datafield>
  </record>